[Event "Jermuk FIDE GP"]
[Site "Jermuk"]
[Date "2009.08.21"]
[Round "11"]
[White "Eljanov, Pavel"]
[Black "Cheparinov, Ivan"]
[Result "1-0"]
[WhiteElo "2716"]
[BlackElo "2678"]
[Annotator "Eljanov,P"]
[PlyCount "105"]
[EventDate "2009.08.09"]
[EventType "tourn"]
[EventRounds "13"]
[EventCountry "ARM"]
[EventCategory "19"]
[SourceTitle "CBM 132"]
[Source "ChessBase"]
[SourceDate "2009.09.16"]
[SourceVersion "1"]
[SourceVersionDate "2009.09.16"]
[SourceQuality "1"]

1. d4 Nf6 2. c4 g6 3. Nc3 Bg7 4. e4 d6 5. Nf3 O-O 6. Be2 e5 7. O-O Nc6 8. d5
Ne7 9. Ne1 Nd7 10. f3 f5 11. g4 $5 {An interesting opening plan which I had
already used in my game against Radjabov in the Elista Grand-Prix. Ein
interessanter Eröffnungsplan, den ich bereits in meiner Partie gegen Radjabov
beim Elista Grand-Prix angewandt hatte.} Kh8 12. Nd3 ({In that game I played
In jener Partie spielte ich} 12. h4 {which is the basic idea in this variation
to stop the black kingside expansion by rolling forward my own pawns. But
maybe it's a bit premature in this position. , was die Grundidee in dieser
Variante ist, um die schwarze Königsflügelexpansion durch das Vorrücken der
eigenen Bauern zu stoppen. In dieser Stellung ist dies aber vielleicht ein
wenig verfrüht.} c6 13. Kg2 Nf6 14. Nd3 b5 $1 15. b3 Rb8 16. Nf2 b4 17. Na4 Bb7
18. Bg5 Qd7 19. Qd2 cxd5 20. cxd5 Neg8 21. Rac1 Ba8 22. Qc2 Rf7 23. Qd3 Ne7 24.
Kg1 h5 25. Bxf6 Rxf6 26. g5 fxe4 27. fxe4 Rf4 28. Rc4 Rxh4 29. Qg3 Rf4 30. Nd3
Bxd5 31. exd5 Rxc4 32. bxc4 Qxa4 33. c5 Qxa2 34. cxd6 Nf5 35. Rxf5 Qxe2 36. Rf2
Qe4 37. d7 Qxd5 38. Kh2 Kh7 39. Rf6 Qxd7 40. Nxe5 Qd2+ {[%emt 0:33:28] 0-1
Eljanov,P (2720)-Radjabov Teimour (AZE) (2751)/Elista (Russia)}) 12... f4 $5 {
Not a novelty but I found only one game from 1967 between high-class GMs of
that time. Keine Neuerung, aber ich konnte nur eine einzige Partie aus dem
Jahr 1967 zwischen hochklassigen GMs dieser Zeit finden.} 13. Rf2 {An
interesting but a bit risky idea as I'm losing too much time to regroup my
pieces. Eine interessante, aber leicht riskante Idee, da ich zu viel Zeit
verliere, um meine Figuren umzugruppieren.} ({Mecking played the logical
Mecking spielte das logische} 13. Bd2 {but I'm not sure that it's the best
square for the dark-squared bishop. I like the way Bouaziz played: ,
allerdings bin ich nicht sicher, ob dies das beste Feld für den
schwarzfeldrigen Läufer ist. Mir gefiel die Behandlungsweise von Bouaziz:} g5
14. Rc1 Rf7 $1 15. b4 Nf6 16. c5 Ng6 17. Rf2 Bf8 $1 18. Qb3 h5 19. h3 Rh7 20.
Rh2 Bd7 21. Qc4 Kg7 22. Rf1 Be7 {Black's position is very strong, although
it's not so easy to break through. Schwarz steht sehr stark, obwohl es nicht
so einfach ist durchzubrechen.} 23. Rff2 Qh8 24. Bd1 hxg4 (24... Rh6 25. c6
bxc6 26. dxc6 Be8 27. Bb3) 25. hxg4 Rh3 26. Be1 Rg3+ 27. Rfg2 Rxg2+ 28. Rxg2
Qg8 29. Bb3 Nh4 30. Bxh4 gxh4 31. Rh2 Nh7 32. Nb5 Ng5 33. Ne1 Qc8 34. cxd6 cxd6
35. Nc7 b5 36. Qc1 Rb8 37. Rc2 Qb7 38. Ne6+ Bxe6 39. dxe6 Qb6+ 40. Kh1 h3 41.
Qd2 h2 42. Qf2 Qxf2 43. Rxf2 Rc8 44. Kxh2 Rc1 45. Ng2 Nh3 46. Rc2 Rxc2 47. Bxc2
Ng5 48. Nh4 Nxe6 49. Nf5+ Kf8 50. Kg2 Ke8 51. Kf2 Kd7 52. a4 bxa4 53. Bxa4+ Kd8
54. Ke2 Ng5 55. Bd1 Kd7 56. Ba4+ Kd8 57. Bd1 Kd7 58. Nxe7 Kxe7 59. Kd3 Ne6 60.
Kc4 Nc7 61. b5 Ne6 62. Kb4 Nd4 63. Ka5 d5 64. exd5 Kd6 65. Ka6 Kxd5 66. g5 Ke6
{1/2 Mecking,H-Bouaziz,S/Sousse 1967/IZT}) ({The problem is that after Das
Problem ist, dass nach} 13. h4 {Black has a perpetual at least: Schwarz
mindestens Dauerschach hat.} Bf6 ({or or} 13... Ng8 14. Qe1 (14. g5 h6) 14...
Bf6 15. g5 Bxg5 (15... Be7 16. Rf2) 16. hxg5 Qxg5+ $11) 14. g5 Bxg5 15. hxg5
Nxd5 16. cxd5 (16. Rf2 Nxc3 17. bxc3 Qxg5+ 18. Rg2 Qe7 $44) 16... Qxg5+ $11) (
13. Kh1 g5 $5) 13... Bf6 14. Rg2 Bh4 15. b4 h5 ({I was more afraid of Mehr
Angst hatte ich vor} 15... Nf6 $5 16. c5 h5 17. Bb2 (17. h3 Nh7 18. Bf1 Ng5 19.
Rc2 Kg7 $40) (17. gxh5 Bh3) 17... hxg4 18. fxg4 Nh7 19. Nb5 {and the position
is still far from clear, but I do not wish to play this position next time :)
und die Lage ist noch immer völlig unklar, allerdings habe ich keine Lust, die
Stellung beim nächsten Mal zu spielen :)} (19. Ne1 $2 Bxe1)) 16. g5 $1 {
A strong pawn sacrifice as 3-4 tempi in this kind of position are more
important! Ein starkes Bauernropfer, denn in diesem Stellungstyp wiegen 3-4
Tempi weitaus schwerer!} (16. gxh5 g5 17. Nf2 Nf6 18. c5 Nxh5 (18... Rg8 19.
Ng4 Nxh5 20. Bb2) 19. Bb2 (19. Ng4 Nf6 $40) 19... Nf6 $36) 16... Ng8 17. Kh1
Rf7 18. c5 Nf8 19. Nb5 Bh3 {The only move as after Der einzige Zug, denn nach}
(19... a6 20. Nxc7 $1 Qxc7 21. cxd6 Qxd6 22. Bb2 Nd7 23. Rc1 {despite the fact
I have just one pawn for the piece, Black is in very deep trouble I believe.
steckt trotz der Tatsache, dass ich nur einen Bauern für die Figur habe,
Schwarz meines Erachtens ziemlich in der Klemme.}) 20. Rg1 a6 21. Na3 {Now all
sacrifices are equally dubious as Black is just in time to defend everything.
Nun sind alle Opfer gleichermaßen zweifelhaft, da Schwarz gerade rechtzeitig
alles verteidigen kann.} (21. Nxd6 cxd6 22. Bb2 Bxg5 23. cxd6 Bf6 24. Bxe5 Bxe5
25. Nxe5 Rg7 26. Qd2 g5 $15) (21. Nxc7 Qxc7 22. cxd6 Qxd6 23. Bb2 Re8) 21...
Bxg5 (21... Nh7 22. Nc4 Rg7 23. Bb2 Bxg5 24. Bf1 $16) 22. Nc4 Bf6 23. Bf1 ({
If Bei} 23. Bb2 {I don't like that after gefällt mir nicht, dass Schwarz nach}
Qe7 24. Bf1 {Black has dann} Bd7 {hat.}) 23... Bc8 24. Bb2 g5 $2 {A huge
mistake. Ein Riesenfehler.} (24... Kh7 $5) ({After the game Ivan proposed Nach
der Partie schlug Ivan} 24... Rg7 {and this is a good idea although I do not
agree of course with his evaluation that Black is much better. vor, und das
ist auch eine gute Idee, obwohl ich natürlich nicht einverstanden bin mit
seiner Einschätzung, dass Schwarz deutlich besser steht.} {My intention was to
play something like Meine Absicht war, etwas wie} 25. Qe1 {to transfer my
queen to f2 zu spielen, um meine Dame nach f2 zu überführen.} ({Rybka suggest
another way to put Black's queenside under pressure: Rybka schlägt einen
anderen Weg vor, um den schwarzen Damenflügel unter Druck zu setzen:} 25. Qa4
$5 Bd7 (25... g5 26. Qa5 Qe8 27. cxd6 b5 28. Ncxe5 cxd6 29. Nc6 Bxb2 30. Nxb2
Nf6 31. Qa3 g4 32. Qc3 $36) 26. Qb3 (26. Qa5 Bb5 27. Rc1 g5 28. Nf2 Nh6 $36)
26... Bb5 27. Na5 (27. a4 Bxc4 28. Qxc4 g5 29. Nf2 Nh6 30. Be2 Qd7) 27... Rb8
28. a4 Be8 29. b5 {with good compensation. mit guter Kompensation.}) 25... g5
26. Qf2 Ng6 (26... g4 $2 27. cxd6 cxd6 28. Qb6 $36) 27. cxd6 cxd6 28. Qb6 (28.
Rc1 b5 29. Nb6 Rb8 30. Nxc8 Rxc8) 28... Qxb6 29. Nxb6 Rb8 30. Rc1 (30. Nc4 Rd7)
30... Bd7 31. Nc4 (31. Nxd7 Rxd7 32. Bh3 Rg7 33. Be6 Nh4) 31... Nh4 (31... Be7
32. Ncxe5 dxe5 33. Nxe5 Be8 34. Nxg6+ Bxg6 35. Be5 Rd8 36. Bxg7+ Kxg7 37. Rc7
$14) 32. Nxd6 Nxf3 33. Rg2 g4 34. Rgc2 {and the position remains very
complicated. und die Stellung bleibt hoch kompliziert.}) 25. cxd6 cxd6 26. Rxg5
$1 Bxg5 27. Ncxe5 $5 {Not bad, but another possibility which I saw also was
stronger: Nicht übel, aber eine andere Möglichkeit, die ich ebenfalls sah, war
stärker:} (27. Nxd6 $1 Nh6 28. Nxe5 Kg8 29. Nexf7 Nxf7 30. Nxc8 (30. Nxf7 $5
Kxf7 31. Qd4) 30... Nd7 (30... Rxc8 31. Qd4 $18) 31. Qd4 $1 Bf6 32. Qg1+ $1 Kf8
33. Bxf6 Qxf6 (33... Nxf6 34. Nb6) 34. Bh3 Rxc8 35. Bxd7 Rc7 36. Be6 $18) 27...
dxe5 28. Nxe5 Kg7 (28... Qe7 29. Nxf7+ Kh7 30. Nxg5+ Qxg5 31. Qd4) 29. Nc6+ Qf6
30. Bxf6+ Bxf6 31. e5 bxc6 32. exf6+ Nxf6 $2 {The final mistake. Der letzte
Fehler.} ({After Nach} 32... Rxf6 {I don't see a clear way to victory.
Probably the best is sehe ich keinen klaren Weg zum Sieg. Am besten ist
wahrscheinlich} 33. dxc6 (33. Bc4 Ne7 34. dxc6 Nxc6 35. Qd5 Ng6 36. Bd3 Ra7) (
33. Qd4 Ne7) 33... Rxc6 34. b5 $5 (34. Qd5 Ne7 35. Qe5+ (35. Qxh5 Nfg6 36. Bd3
Bb7) 35... Kf7 36. Qxf4+ Rf6 37. Qe4 Ra7) 34... axb5 35. Bxb5 Rg6 (35... Rf6 $2
36. Qd5) 36. Be8 (36. Qd4+ Nf6 37. Qxf4 Ba6 $14) 36... Rf6 37. Qd4 (37. Qd5
Raa6 38. Rg1+ Ng6) (37. Bxh5 Ra5) 37... Bb7 38. Bxh5 Kh8 39. Qb2 Bd5 40. a4 $16
) 33. dxc6 Be6 34. Rc1 Raa7 35. a4 Rae7 36. b5 axb5 37. axb5 N8d7 38. Bc4 Bxc4
39. Rxc4 Ne5 40. Rxf4 Re6 41. Qg1+ Kh8 42. Qc1 Nxc6 43. bxc6 Rc7 44. Rc4 Kg7
45. f4 Kf7 46. f5 Rd6 47. h3 Ng8 48. Rc2 Ne7 49. Qg5 Rcxc6 50. Qxh5+ Kf8 51.
Qh8+ Kf7 52. Rg2 Nxf5 53. Qh7+ 1-0

[Event "Dortmund SuperGM 39th"]
[Site "Dortmund"]
[Date "2011.07.25"]
[Round "5"]
[White "Meier, Georg"]
[Black "Nakamura, Hikaru"]
[Result "1/2-1/2"]
[WhiteElo "2656"]
[BlackElo "2770"]
[Annotator "Meier,Georg"]
[PlyCount "299"]
[EventDate "2011.07.21"]
[EventType "tourn"]
[EventRounds "10"]
[EventCountry "GER"]
[EventCategory "20"]
[SourceTitle "CBM 144"]
[Source "ChessBase"]
[SourceDate "2011.09.16"]
[SourceVersion "1"]
[SourceVersionDate "2011.09.16"]
[SourceQuality "1"]

1. d4 Nf6 2. c4 g6 3. Nc3 Bg7 {Nichts anderes hatte ich von Nakamura erwartet
und genau wie Hikaru sah ich in dieser Partie eine große Chance auf den ersten
Sieg.} 4. e4 d6 5. Nf3 O-O 6. Be2 e5 7. O-O Nc6 8. d5 {Ich glaube aus weißer
Sicht an dieses System, deshalb habe ich noch nichts anderes gegen
Königsindisch versucht.} Ne7 {Was allerdings ab hier der beste Weg für Weiß
sein soll, ist für mich noch völlig unklar, in letzter Zeit probiere ich noch
alle Möglichkeiten durch.} 9. Ne1 ({Meine letzte Partie sah} 9. Nd2 Ne8 10. b4
f5 11. c5 Nf6 12. f3 f4 13. Nc4 g5 14. a4 Ng6 15. Ba3 Rf7 16. b5 Bf8 17. b6
dxc5 18. bxc7 Rxc7 19. d6 Rg7 20. Nb5 Be6 21. Bb2 a6 22. Nc7 Rxc7 23. dxc7 Qxc7
24. Qb3 Nd7 25. Qc3 Re8 26. a5 $16 {1-0 Meier,G (2650)-Williams,S (2520)/
Mulhouse 2011/CB22_2011 (54)}) 9... Nd7 10. Be3 {In meinen Partien neu,} ({
zuvor griff ich zu} 10. Nd3 f5 11. Bd2 ({oder} 11. f3)) 10... f5 11. f3 {
Im Unterschied zu anderen Varianten erreicht Weiß sofort eine perfekte
Koordination für das Spiel am Damenflügel, jedoch eröffnet der Läufer auf f2
Schwarz später auch die wichtige Ressource g4-g3.} f4 12. Bf2 g5 13. Nd3 (13.
g4) ({und} 13. Nb5 {sind interessante Alternativen.}) 13... Nf6 14. c5 Ng6 15.
Rc1 Rf7 16. a4 {Bis hierher konnte ich meiner Vorbereitung folgen, was meinem
Gegner gar nicht behagte. Hikaru begann zu überlegen, wie er die mir
offensichtlich bekannten Pfade verlassen könnte.} Bf8 {Normalerweise verlässt
der Läufer erst später g7, um den Weg für den Turm freizumachen.} ({Üblich ist
} 16... h5 17. a5 g4) 17. a5 {Nun ist Weiß bereit zu cxd6 nebst Sb5, denn
a7-a6 würde jetzt immer mit Lf2-b6 bestraft werden.} h5 18. cxd6 cxd6 19. Nb5
g4 20. Nxa7 Bd7 {Droht ...Qb8.} 21. Qb3 g3 {Diese Ressource hält das schwarze
Gegenspiel leider immer am Leben.} 22. Bb6 {Bisher verlief das Spiel beider
Seiten in meinen Augen äußerst logisch.} Qe7 $2 {Mir war klar, dass dies der
strategische Verlustzug sein könnte und ich verwendete nun gute 40 Minuten um
eine Entscheidung zu treffen.} (22... gxh2+ 23. Kh1 {sollte zuerst geschehen.}
(23. Kxh2 $4 Ng4+ 24. fxg4 Qh4+ 25. Kg1 hxg4 {mit durschlagendem Angriff})) 23.
Rc7 $2 ({Letzten Endes konnte ich nicht zu einem klaren Urteil über} 23. h3 $1
Bxh3 24. gxh3 Nh7 {gelangen. Schwarz ist bereit, mit allem was er hat den
Köigsflügel zu belagern, und das führt nicht selten im Königsinder zum Matt.} (
{während ich verstand, dass} 24... Qd7 {an} 25. Nf2 $1 gxf2+ 26. Kh2 {
scheitert, was die schwarze Initiative ein für allemal auslöscht. Die Hoheit
über die weißen Felder macht den weißen Königsflügel uneinnehmbar.}) {
Tatsächlich verfügt Weiß über einen geradezu fantastischen Weg den
Königsflügel zu stabilisieren.} 25. Kh1 $1 Qd7 (25... Nh4 26. Rg1 Ng5 27. Ne1
Nxh3 28. Bf1) 26. Nf2 Nh4 27. Rg1 Rg7 28. Rc7 Qe8 29. Rxg7+ Bxg7 30. Nb5 Qg6
31. Bf1 Ng5 32. Bg2 Rxa5 33. Nxd6 Ra6 34. Nc4 Qf7 35. Rd1 $16) 23... Ne8 (23...
gxh2+ 24. Kh1 h4 25. Nc6 $1 bxc6 26. dxc6 $36) 24. Rxd7 gxh2+ 25. Kh1 Qxd7 26.
Rc1 {Diese Stellung gefiel mir in der Vorausberechnung für Weiß. Der
Königsflügel ist kaum zu stürmen, denn mit dem Läufer d7 ist eines der
wichtigsten schwarzen Angriffsmittel eliminiert. Gleichzeitig hat Weiß eine
Majorität am Damenflügel, die mit der Zeit immer mehr an Gewicht gewinnen
sollte.} Rg7 27. Bf1 Nh4 28. Rc3 Qe7 ({Wir hatten beide den Eindruck, dass} 
28... Nxg2 $1 29. Bxg2 Rxg2 30. Kxg2 Qh3+ $1 31. Kh1 Qxf3+ 32. Kxh2 Qg3+ 33.
Kh1 Qf3+ 34. Kg1 Qg3+ 35. Kf1 {gut ist für Weiß, tatsächlich zeigt sich der
Computer wenig beeindruckt:} f3 36. Qc2 (36. Nf2 Qg2+ 37. Ke1 Qg1+ 38. Kd2 Bh6+
39. Kd3 Qf1+ 40. Kc2 Qc1+ $11) 36... Qh3+ 37. Kg1 Qg4+ {0.00...} 38. Kh1 $2 Nf6
$40) 29. Qc2 Qg5 {[%cal Rh4f3,Rg5g1]} 30. Ne1 {Ich musste ein paar Schritte
rückwarts machen (Ne1, Bf1), konnte aber gleichzeitig das Eindringen auf der
c-Linie und den Vormarsch des b-Bauern vorbereiten.} Ng6 31. Nd3 {Ich wollte
einmal die Züge wiederholen. In Dortmund wollten meine Gegner dies aber sogar
in in schlechteren Stellungen immer vermeiden...} (31. Rc8 Rxc8 32. Qxc8) 31...
Nh4 32. Ne1 Kh7 33. b4 Be7 34. Bf2 Bd8 35. Rc8 Rxc8 36. Qxc8 {Nakamura steht
bereits mit dem Rücken zur Wand, denn Weiß ist kurz davor, entscheidendes
Übergewicht am Damenflügel zu erzielen.} Ng6 (36... Rc7 37. Qb8) (36... Nf6 37.
Nb5 (37. Qxd8 Nxe4 38. Bxh4 Ng3+ 39. Kxh2 Nxf1+ 40. Kg1 Qxd8 41. Bxd8 Ne3 42.
b5 Nxd5 43. Nc8 Rg8 44. Nxd6 Rxd8 45. Nxb7 Rb8 46. Nd6 Kg7 47. Nd3 Kf6)) 37. a6
$1 {Hikarus Körpersprache brachte sofort seine Enttäuschung zum Ausdruck. Er
fing an, seinen ganzen Körper zu schütteln und wie wild auf die Uhr
einzudreschen, dass sollte übrigens noch einige Male in dieser Partie
geschehen, immer dann, wenn er den Eindruck hatte, dass es gleich vorbei ist...
} Qe7 38. axb7 Qxb7 39. Qxd8 Qxb4 {Der berühmte 40. Zug... Vielleicht war mein
Selbstbewusstein durch die groben Fehler in den Runden zuvor schon zu sehr
angegriffen, denn ich sah, dass Nc6 stark ist, konnte mich aber nicht
durchringen von der offensichtlichen Partiefortsetzung Abstand zu nehmen, denn
2 Figuren gg. Turm sollten mit Leichtigkeit gewinnen, wozu also
"Experimente"?!...} 40. Qxe8 $2 (40. Nc6 {hätte sicherlich weiteres
Grimassenspiel auf der anderen Seite und eine baldige Aufgabe erzwungen... :(})
40... Qb2 41. Nd3 Qb1 42. Be1 Rxa7 43. Qc6 (43. Kxh2 $1 Ra3 44. Qd7+ Kh6 45.
Bh4 $3 {war der letzte direkte Weg zum Sieg, aber ich spürte nicht, dass es
gewisse technische Schwierigkeiten in der Partie geben würde.}) 43... Ra3 44.
Qc1 Qb6 45. Kxh2 Ra2 46. Nb4 Ra4 47. Qc3 h4 $1 {Hikaru begann zähen Widerstand
zu leisten.} 48. Nc2 (48. Nd3 h3) 48... h3 49. gxh3 Qb1 50. Qd2 $2 {Warum ich
ohne Not das Eindringen nach a2 zulasse, ist mir nach wie vor ein Rätsel.} (50.
Bc4 $1) 50... Ra2 (50... Nh4 $5 51. Bxh4 Qxf1 52. Ne1 Qc4) 51. Bd3 Kh6 52. h4 (
52. Kg2 Kh5 53. Kf1) 52... Nf8 53. Bf2 Qb3 54. Kg2 Ng6 55. Qd1 Nf8 56. Kh3 Ng6
57. Qf1 {Ich war bereit, die zwei Figuren gegen den Turm abzugeben, da ich
nicht sehen konnte, wie sonst Fortschritte zu erzielen sind.} Qc3 58. Be1 Qc8+
59. Kh2 Kh5 60. Qf2 $2 {Dies zerstört die weiße Koordination endgültig.} ({
Der Computer zeigt eine fantastische Idee:} 60. Qh1 $1 {Weiß ist nun bereit,
sich mit Bf2 und Kg1 umzugruppieren.} Rxc2+ 61. Bxc2 Qxc2+ 62. Qg2 Qxg2+ 63.
Kxg2 Nxh4+ 64. Kf2 $16 {nebst Bb4.}) 60... Rb2 61. Qa7 Rxc2+ {Tut mir einen
großen Gefallen, denn nach} (61... Rb7 $1 62. Qf2 (62. Qg1 Nxh4 63. Qf2 Qd8 (
63... Rh7 64. Qxh4+ Kg6 65. Qxh7+ Kxh7)) 62... Rb2 {hätte ich mich kaum noch
entknoten können.}) 62. Bxc2 Qxc2+ 63. Kg1 Kh6 64. Qf2 {Jetzt beginnt eine
lange Phase des Lavierens in der Weiß ein klares Ziel vor Augen hat. Ich
wollte eine Aufstellung mit Kg2 und Bf2 erreichen, um den Königsflügel zu
stabilisieren, danach ist die weiße Dame frei, um in die gegnerische Stellung
einzudrigen und Zugeständnisse zu erzwingen.} Qb1 65. Kh2 Nh8 66. Qg1 Nf7 67.
Bf2 Qc2 68. Qg2 Qb2 69. Bg1 Qc3 70. Kh3 Qc1 71. Bb6 Qc8+ 72. Qg4 Qa6 73. Bf2
Qf1+ 74. Qg2 Qc1 75. Kh2 Qc2 76. Bg1 Qd1 77. Qh3 Qd2+ 78. Kh1 Qe2 79. Bb6 Qb2
80. Qe6+ Kg7 81. Qg4+ Kf8 82. Bg1 Qe2 83. Qg2 Qe1 84. Qf2 Qc1 85. Kh2 Kg7 86.
Qe2 Kh6 87. Bf2 Qc3 88. Kg2 {Endlich ist Phase 1 des Plans abgeschlossen...}
Qc8 89. Qb5 Qg8+ 90. Kh2 Qd8 91. Qb6 Qd7 {Langsam wunderte ich mich, warum
Hikaru sein Partieformular studierte... Und mir wurde klar, dass ich vor Zug
112 etwas unternehmen musste (50-Züge-Regel !)} 92. Qa6 Qd8 93. Qf1 $1 {
Endlich fand ich die richtige Route!} Qc8 94. Qh3 {Ich denke, das Endspiel
sollte nach Damentausch gewonnen sein für Weiß, das Eindringen der weißen Dame
sollte jedoch ebenso großen Schaden verursachen...} Qf8 95. Qe6+ Kh5 96. Qf5+
Kh6 97. Qf6+ (97. h5 $1 Qg7 98. Bh4 Ng5 {war mir nicht ganz klar, es darf
nicht vergessen werden, dass mir immer nur sehr wenig Zeit für meine
Entscheidungen blieb. Abgesehen von der einsetzenden Erschöpfung spielte ich
auf Basis des 30 sek-Inkrements.} 99. Qg4 $1 {Bindet Schwarz an Händen und
Füßen! Danach kann Weiß in Ruhe den König auf die Reise Richtung d6 schicken
und im richtigen Moment in ein gewonnenes Bauernendspiel liquidieren.} Qf6 100.
Kg2 Qg7 101. Kf1 $18) 97... Kh5 98. Kg2 Qg8+ 99. Kf1 Qf8 100. Bb6 Qg8 101. Bc7
Qg6 102. Qxg6+ Kxg6 103. Kg2 Kf6 104. Kh3 Kg6 105. Ba5 Kf6 106. Kg4 Nh6+ 107.
Kh5 Nf7 108. Be1 Kg7 109. Kg4 Kf6 110. Kh3 Nh6 111. Kg2 Kg6 112. Kf1 {Ich
wartete schon lange auf den richtigen Moment für h5, aber irgendwie dachte ich
immer, dass ein noch besserer Moment kommen würde...} Kf7 113. Ke2 (113. h5 Ng8
{Hier hatte ich} 114. Bb4 {für einen Moment nicht auf dem Radar und keine Zeit
mir über} (114. Bh4 Nf6 115. h6 Kg6 {klar zu werden})) 113... Ng8 114. Bb4 Ke7
115. Ke1 $4 {Die Sekunden liefen gegen 0 und ich vergaß irgendwie, dass
Schwarz bereits eine endgültige Blockade droht.} (115. h5 {Sollte gewinnen.})
115... Nf6 {Nakamura zog nach Ausführung des Zuges sofort sein Jackett an und
ich wäre am liebsten an die Decke gesprungen....} 116. Kf2 {Der Rest ist pure
Agonie.} Kd7 117. Kg2 Ke7 118. Kh3 Kd7 119. Be1 Ke7 120. Bf2 Kf7 121. Ba7 Ke7
122. Bb6 Ke8 123. Bf2 Kf7 124. Be1 Ke7 125. h5 Nxh5 126. Kg4 Nf6+ 127. Kf5 Nd7
128. Bh4+ Kf7 129. Bd8 Nc5 130. Bg5 Nb3 131. Kg4 Nd4 132. Bh4 Nc2 133. Kg5 Ne3
134. Bf2 Ke7 135. Kh4 Kd7 136. Kh3 Kc7 137. Bh4 Kb6 138. Be7 Kc5 139. Kh2 Nc4
140. Kg2 Kd4 141. Kf2 Kd3 142. Bf8 Kd2 143. Be7 Kd1 144. Bf8 Kd2 145. Be7 Kd3
146. Bf8 Nd2 147. Bxd6 Nxe4+ 148. fxe4 Kxe4 149. Bxe5 Kxd5 150. Bxf4 {8
Stunden dauerte diese Nervenschlacht mit desaströsem Ausgang für mich,
tatsächlich hatten einige Zuschauer bis zum Ende im Schauspielhaus ausgeharrt.}
1/2-1/2